000 00555nam a2200181 i 4500
001 134009
003 ES-MaACL
005 20230906194558.0
007 t|
008 070904s1963 cl ||||1| spa d
100 1 _aWest, Morris L.
_9116550
245 1 4 _aLas sandalias del pescador /
_cMorris West ; [traducción de Valentina Gómez de Muñoz].
250 _a8ª ed.
260 _aSantiago de Chile, etc. :
_bPomaire,
_c1963.
300 _a366 p. ;
_c20 cm.
700 1 _aGómez de Muñoz, Valentina.
_957915
852 _aES-MaACL
_jC-24903
_bR.53665
999 _c134009
_d134009